000 00810cam a2200277 i 4500
999 _c124313
_d124313
001 19819584
005 20211013100031.0
008 170720s2019 cau b 001 0 eng
020 _a9781944883638 (paperback : alk. paper)
020 _a1944883630 (paperback : alk. paper)
040 _cPK-LaUMT
082 0 0 _a612.85
_223
_bHAM-H
100 1 _aHamill, Teri
245 1 4 _aThe hearing sciences /
_cby Teri A. Hamill, and Lloyd L. Price
250 _a3rd ed.
260 _aSan Diego :
_bPlural Publishing,
_c2019
300 _axxix, 637 p. ;
_c28 cm
650 1 2 _aHearing
_xphysiology
650 1 2 _aPsychoacoustics
650 2 2 _aSpeech Perception
650 2 2 _aEar
_xphysiology
650 2 2 _aEar
_xanatomy & histology
650 2 2 _aHearing Disorders
700 1 _aPrice, Lloyd L.,
942 _cBK